| 000 | 00576nam a2200193Ia 4500 | ||
|---|---|---|---|
| 005 | 20250508155025.0 | ||
| 008 | 008 250505s9999 xx 000 0 eng d | ||
| 037 | _aTextual | ||
| 040 |
_aFEDL _beng _cFEDL |
||
| 041 |
_aeng _2eng |
||
| 084 |
_a157.9, NAT _qFEDL |
||
| 245 | 0 | _aMental health program reports | |
| 245 | 0 | _cNational Clearinghouse for Mental Health Information | |
| 260 |
_aBethesda _bNational Institute of Mental Health _c1967 |
||
| 300 | _a301p | ||
| 650 | _aAbnormal psychology | ||
| 942 |
_cTEXL _h157.9, NAT |
||
| 999 |
_c1353470 _d1353470 |
||